| 000 | 00397pab a2200145 454500 | ||
|---|---|---|---|
| 008 | 180718b1989 xxu||||| |||| 00| 0 eng d | ||
| 100 | _aRasinski, Kenneth A. | ||
| 245 | _aThe effect of question wording on public support for government spending | ||
| 260 | _c1989 | ||
| 300 | _a388-96 | ||
| 362 | _aWinter | ||
| 650 | _aExpenditures, Government | ||
| 773 | _aPersonnel Psychology | ||
| 909 | _a7937 | ||
| 999 |
_c7937 _d7937 |
||